000 00679nam a2200133 a 4500
008 070524s2006 ||||||||||||||||| || u
050 _aTHESIS/STUDENT
100 _aMwanakayaya, Stan
245 1 4 _aThe impact of community participation on rural water supply :case of Nalubanda Community in Mumbwa District
_cThesis supervised by Mr. Jacob Okra
260 _aKitwe
_bCopperbelt University, School of Built Environment, Department of Urban and Regional Planning
_c2006
350 _a0.00
650 _aWATER-SUPPLY, RURAL--ZAMBIA
995 _D0.00
_FCBU-MAIN LIBRARY (Kitwe)
_H1
_I0.00
_M1
_UAVAILABLE
_WMay 24, 2007
_ZUniversity Collection
999 _c46239
_d46239